| 000 | 01624nam a2200289 a 4500 | ||
|---|---|---|---|
| 001 | 000087364 | ||
| 005 | 20200120224949.0 | ||
| 008 | 190822s2018 ck er|||| 000 f spa d | ||
| 020 | _a9789585628496 | ||
| 041 | 0 | _aspa | |
| 043 | _as-ck--- | ||
| 082 | 0 | 4 | _221 |
| 090 |
_aJC _bRESCJ _D1982- |
||
| 100 | 1 | _aRestrepo Cadavid, Juliana | |
| 245 | 1 | 0 |
_aLa corriente / _cJuliana Restrepo. |
| 260 |
_aBogotá : _bAngosta Editores. |
||
| 300 | _a128 páginas :. | ||
| 490 | 0 | _aPlan Nacional de Lectura y Escritura Leer es mi Cuento / Ministerio de Cultura | |
| 500 | _aMénage -- La corriente -- 1997 -- Vol-Au-Vent -- Cuchitril -- Coronas de flores -- Rojo garancieres -- We play endlessly -- Composition notebook -- Las promesas -- Clases particulares -- Frustración geométrica | ||
| 520 | 3 | _a"El estilo corriente fluye con sencillez. Parece un agua mansa y, sin embargo, esconde una fuerza que arrastra o acaricia, arrulla o destruye. Es corriente el año que transcurre, la persona promedio, lo que sucede a diario. Los cuentos de Juliana Restrepo tienen algo de corriente alterna, de lente de aumento, algo que nos hace regresar en la lectura porque el chispazo de un detalle nos electriza. Sus cuentos convierten lo común y corriente en una historia de insospechadas sutilezas: cuentan el pasado con la cercanía del presente, lo cotidiano con la fuerza de lo insólito. " | |
| 650 | 1 | 4 | _aCuentos Colombianos |
| 650 | 2 | 4 | _aLiteratura Colombiana |
| 650 | 2 | 4 |
_aVida Cotidiana - _vCuentos |
| 650 | 2 | 4 | _aFlores en la literatura |
| 650 | 2 | 4 | _aEstudiantes en la literatura |
| 650 | 2 | 4 | _aGeometría en la literatura |
| 999 |
_c11946 _d11946 |
||